000 01850nam1a2200337 i 4500
001 RU\NLR\bibl\610775
005 20260407105343.0
035 _a(NLR Aleph) 000602672
090 _a5784
_c5784
100 _a20050216d2004 k y0rusy50 ca
101 0 _arus
102 _aRU
105 _a||||z |||||
200 1 _aМолодежь и XXI век
_eТез. докл. XXXII вуз. науч.-техн. конф. студентов и аспирантов в обл. науч. исслед., 17-21 мая 2004 г,. Курск
_eВ 2 ч.
_fМ-во образования и науки Рос. Федерации, Кур. гос. техн. ун-т
_gОтв. ред.: д.т.н. С.Г. Емельянов
210 _aКурск
_cКур. гос. техн. ун-т
_d2004
215 _d21
463 0 _1001604591
463 0 _1001789904
601 0 2 _aКурский государственный технический университет
_jТезисы докладов
_xНаучные конференции
_92364579
_3RU\NLR\auth\661411760
606 1 _aТехника
_jТезисы докладов
_91247040
_3RU\NLR\auth\66510030
686 _aЯ431(2)39
686 _aЖ.я431(2)3
702 1 _4340
_8rus
_7ca
_aЕмельянов
_bС. Г.
_cд-р техн. наук
_f1964-
_gСергей Геннадьевич
_3RU\NLR\auth\7725018
_98067
711 0 2 _aКурский государственный технический университет
_bНаучно-техническая конференция студентов и аспирантов в области научных исследований
_d32
_f2004
_3RU\NLR\AUTH\8810061022
_9623461
801 0 _aRU
_bNLR
_c20050216
_gPSBO
801 1 _aRU
_bNLR
_c20050216
830 _aред. по базе
852 _aNLR
_j2005-3/1757
942 _cBOOK